| 000 | 01216naa a22003377a 4500 | ||
|---|---|---|---|
| 001 | BR8703286 | ||
| 003 | BR-BrBNA | ||
| 005 | 20240918175806.0 | ||
| 007 | ta | ||
| 008 | 230509b bl.||||| |||| 00| 0 por d | ||
| 040 |
_aBR-BrBNA _bpor _cBiblioteca Nacional de Agricultura |
||
| 041 | _a(Pt) | ||
| 072 |
_aL02; Q54 _b5300 _bG514 |
||
| 090 | _aL02 BR8703286 | ||
| 100 | 1 | _aBellaver, C. | |
| 100 | 1 | _aGomes, P.C. | |
| 100 | 1 | _aFialho, E.T. | |
| 100 | 1 | _aSantos, D.L. dos | |
| 111 | 1 |
_a21. Reuniao Anual de Sociedade Brasileira de Zootecnia _cBelo Horizonte, MG (Brazil) _d16-20 Jul 1984 |
|
| 245 | 1 | _aAbsorcao e disponibilidade de fosforo de fosfatos naturais em racoes para suinos | |
| 260 | 3 |
_aBelo Horizonte, MG (Brasil): _c1984. |
|
| 500 | _aAnais da 21. Reuniao Anual da Sociedade Brasileira de Zootecnia Belo Horizonte, MG (Brasil): 1984. p. 225 (BR8703286-AM)L02 | ||
| 650 | _aSUINO | ||
| 650 | _aRACAO | ||
| 650 | _aFOSFORO | ||
| 650 | _aFOSFATO DE ROCHA | ||
| 650 | _aNUTRICAO ANIMAL | ||
| 773 | 0 |
_tAnais da 21. Reuniao Anual da Sociedade Brasileira de Zootecnia _wL02 BR8703286 _gBelo Horizonte, MG (Brasil), 1984. p. 225 |
|
| 909 |
_a202404 _bLucia _c55 _dLucia Elande |
||
| 942 |
_cAM _2AGRIS |
||
| 999 |
_c318166 _d318166 |
||